000 003520000a22000970004500
100 1 _aOrozco, Román
245 1 0 _aCrónica desesperada : Cuba está al límite. El bloqueo de Estados Unidos ha dejado una escasez atroz de alimentos, medicinas y combustible
300 _aVol. 55, Num. 55 (Julio, 1994), Páginas 38-41
773 0 _tCambio 16
942 _cANA
999 _c58497
_d58497